Italian Language Months and Days - Statistics

General Stats
  • This quiz has been taken 107 times
  • The average score is 16 of 19
Answer Stats
Hint Answer % Correct
August agosto
94%
November novembre
94%
September settembre
94%
April aprile
91%
December dicembre
91%
October ottobre
91%
Friday venerdi
91%
Saturday sabato
88%
February febbraio
84%
January gennaio
84%
July luglio
84%
Monday lunedi
84%
March marzo
84%
Wednesday mercoledi
84%
Sunday domenica
81%
June giugno
81%
May maggio
81%
Thursday giovedi
78%
Tuesday martedi
78%
No matching quizzes found
Score Distribution
Percent of People with Each Score
Percentile by Number Answered
Your Score History
You have not taken this quiz